000 00662nam a2200241Ia 4500
001 35719
005 20240114001827.0
007 ta
008 070328s1969 g b000 u 807 u
040 _aCotton College,Assam
041 _a807
082 _a491.43
_bSr 31 El
100 _aSrivastava, Murlidhar .
245 0 _aThe Elements of Hindi Grammar /
_cMurlidhar Srivastava.
_hTextual Documents
250 _a1st ed. /
260 _aDelhi :
_bMotilal Banarsidass Publishers ,
_c1969.
300 _a206p. ;
_c22cm.
653 _aHindi Language-Grammar
653 _aG-Languages
942 _2ddc
_cBK
999 _c35701
_d35701